| Tag |
First Indicator |
Second Indicator |
Subfields |
| LEADER |
00000cam a2200000 a 4500 |
| 001 |
in00000517321 |
| 005 |
20151013083532.0 |
| 008 |
790410s1971 nyua b 00010 eng d |
| 035 |
|
|
|a (OCoLC)04840439
|
| 035 |
|
|
|9 ACF4146AM
|
| 040 |
|
|
|a MMM
|c MMM
|d m.c.
|d TXA
|d UtOrBLW
|
| 049 |
|
|
|a TXAM
|c [1676540]
|
| 090 |
|
|
|a VM1
|b .S625 no. 3-22
|
| 110 |
2 |
|
|a Society of Naval Architects and Marine Engineers (U.S.)
|
| 245 |
1 |
0 |
|a Reliability and maintainability engineering in the marine industry /
|c [prepared by Panel M-22 (Reliability and Maintainability) of the Ship's Machinery Committee].
|
| 264 |
|
1 |
|a New York, N.Y. :
|b The Society of Naval Architects and Marine Engineers,
|c [1971?]
|
| 300 |
|
|
|a ix, 192 pages (4 folded) :
|b illustrations ;
|c 28 cm.
|
| 336 |
|
|
|a text
|b txt
|2 rdacontent
|
| 337 |
|
|
|a unmediated
|b n
|2 rdamedia
|
| 338 |
|
|
|a volume
|b nc
|2 rdacarrier
|
| 490 |
1 |
|
|a Technical and research bulletin / Society of Naval Architects and Marine Engineers ;
|v no. 3-22
|
| 500 |
|
|
|a Cover title.
|
| 504 |
|
|
|a Bibliography: pages 185-192.
|
| 650 |
|
0 |
|a Marine engineering.
|
| 650 |
|
0 |
|a Reliability (Engineering)
|
| 830 |
|
0 |
|a Technical and research bulletin (Society of Naval Architects and Marine Engineers (U.S.)) ;
|v no. 3-22.
|
| 999 |
|
|
|a MARS
|
| 999 |
f |
f |
|s 581fc00c-c24f-3a53-9fda-b1904bb15231
|i ae67e528-7013-3b5d-a475-efbd4d1686d0
|t 0
|
| 952 |
f |
f |
|p ric
|a Texas A&M University
|b Rellis Campus
|c Joint Library Facility
|s JLF
|d Remote Storage
|t 0
|e VM1 .S625 no.3-22
|h Library of Congress classification
|i unmediated -- volume
|m 33620000473401
|
| 952 |
f |
f |
|p ric
|a Texas A&M University
|b Rellis Campus
|c Joint Library Facility
|s JLF
|d Remote Storage
|t 0
|e VM1 .S625 no. 3-22
|h Library of Congress classification
|i unmediated -- volume
|m A14808019466
|
| 998 |
f |
f |
|a VM1 .S625 no.3-22
|t 0
|l Remote Storage
|
| 998 |
f |
f |
|a VM1 .S625 no. 3-22
|t 0
|l Remote Storage
|